000
00306nam a22001337a 4500
008
181002b xxu||||| |||| 00| 0 eng d
020
_a
9780721648149
041
_a
eng
080
_2
2nd
_a
616.12
100
_a
7
101
_a
KAR
245
_a
Cardiovascular drug therapy
_c
Messerli,F.H
942
_2
udc
_c
BK
999
_c
48778
_d
48778